000 00342nam a2200121Ia 4500
008 240624s9999 xx 000 0 und d
041 _aeng
082 _a658.4038011 BID
100 _aBIDGOLI HOSSEIN
245 _aMANAGEMENT INFORMATION SYSTEMS MIS A SOU
260 _c2013
_aNew Delhi
_bCengage Learning
300 _axii, : 352 : p. : cm. ; 27
999 _c24223
_d24223